Les 10 instruments les plus joués dans le monde - Statistiques

Statistiques générales
  • Ce quiz a été pris 1 155 fois
  • Le résultat moyen est 7 sur 10
Statistiques - réponses
place dans le classement instrument de musique % Correct
2 piano
99%
3 guitare
98%
6 violon
93%
5 batterie
89%
7 trompette
78%
8 saxophone
69%
10 basse
61%
1 voix
43%
9 harmonica
33%
4 flute a bec
26%
Aucun quiz correspondant
Distribution des résultats
% des personnes avec chaque résultat
Percentile par nombre de réponses
Votre historique - résultats
Vous n’avez pas pris ce quiz